| 000 | 00524nam a22001812 4500 | ||
|---|---|---|---|
| 001 | 0000002921 | ||
| 005 | 20170406114617.0 | ||
| 008 | 140422s xx 000 0 eng d | ||
| 020 | _c$ | ||
| 040 |
_aYour Holding Symbol _cYour Holding Symbol |
||
| 100 | 1 | _aKing Mary E. | |
| 245 | 1 | 0 |
_aTeaching model : _bnonviolent transformation of conflict. |
| 250 | _a ed. | ||
| 260 |
_aEthiopia : _bEducation for peace, _c2006. |
||
| 300 |
_a139 p. ; _c cm. |
||
| 650 | 0 | _apeace and non violent. | |
| 908 | _a140422 | ||
| 999 |
_c2804 _d2804 |
||